La tecnología en la enseñanza abierta y la educación a distancia /

Obra sobre la manera de potenciar la educación abierta y a distancia, con el apoyo de los medios de comunicación y, en particular, mediante el uso de computadoras e internet.

Salvato in:
Dettagli Bibliografici
Autore principale: Bates, A.W (autor)
Natura: Libro
Lingua:spagnolo
Pubblicazione: México : Trillas, 1999, c1999
Soggetti:
Tags: Aggiungi Tag
Nessun Tag, puoi essere il primo ad aggiungerne!!

MARC

LEADER 00000nam^a2200000^a^4500
001 000116317
005 20250521000000.0
009 20260310094125.336
020 |a 968-24-5867-6 
037 |a Acervo ITESO - Biblioteca 
041 |a ESP 
082 |a 378. 173  |b BAT 
100 |a Bates, A.W.  |e (autor) 
245 1 3 |a La tecnología en la enseñanza abierta y la educación a distancia /  |c A.W. Bates ; tr. por Juan Samuel Santiago Cruz, Julio Raúl Santiago Cruz. 
264 4 |a México :  |b Trillas,  |c 1999, c1999 
300 |a 334 p. 
336 |a texto  |b txt  |2 rdacontenido 
337 |a sin mediación  |b n  |2 rdamedio 
338 |a volumen  |b nc  |2 rdasoporte 
520 |a Obra sobre la manera de potenciar la educación abierta y a distancia, con el apoyo de los medios de comunicación y, en particular, mediante el uso de computadoras e internet. 
649 |a XX 
650 |a Computadoras en la Educación 
650 |a Internet -  |x Aspectos Sociales y Culturales 
650 |a Tecnologías de Comunicación e Información 
650 |a Telecomunicaciones 
650 |a Apoyos Didácticos 
650 |a Metodología Educativa 
650 |a Educación a Distancia 
650 |a Educación Abierta 
650 |a Educación Superior 
910 |a Fondo General 
920 |a Impresos - Libros 
930 |a Colección General 
905 |a 101 
901 |a 0500050494  |b IT1  |c ACC  |u 20250521 
902 |a https://opac.biblio.iteso.mx/vufind/Record/000116317